[Event "SVK-chT2D 2122"]
[Site "Slovakia"]
[Date "2022.04.30"]
[Round "10.6"]
[White "Pandula, Blazej"]
[Black "Zahradnik, Vladimir"]
[Result "0-1"]
[WhiteElo "1590"]
[BlackElo "1864"]
[PlyCount "104"]
[EventDate "2021.10.16"]
[EventType "team-tourn"]
[EventRounds "11"]
[EventCountry "SVK"]
[SourceTitle "EXT 2023"]
[Source "ChessBase"]
[SourceDate "2022.10.05"]
[SourceVersion "1"]
[SourceVersionDate "2022.10.05"]
[SourceQuality "1"]
[WhiteTeam "Kosice Slavia TU IV"]
[BlackTeam "Presov Tatran Dason"]
[WhiteTeamCountry "SVK"]
[BlackTeamCountry "SVK"]

1. c4 e5 2. Nc3 Nc6 3. Nf3 f5 4. g3 Nf6 5. Bg2 e4 6. Ng5 Bc5 7. d3 Ng4 8. Nh3 e3 9. 0-0 exf2+ 10. Kh1 Be3 11. Nd5 Bxc1 12. Qxc1 0-0 13. Nxf2 Nce5 14. Nxg4 Nxg4 15. h3 Nh6 16. Qf4 d6 17. Rf2 c6 18. Nc3 Be6 19. Raf1 Qd7 20. Kh2 d5 21. cxd5 cxd5 22. d4 Nf7 23. h4 b5 24. b4 a5 25. bxa5 b4 26. Nb1 Rxa5 27. Qd2 Qb5 28. Rc1 Qb6 29. e3 Nd6 30. Qd3 Rfa8 31. Rcc2 Ne4 32. Rfe2 Qd6 33. Bxe4 dxe4 34. Qd1 Bxa2 35. Qc1 Be6 36. Rc6 Qe7 37. Rec2 Ra2 38. Rxa2 Rxa2+ 39. Kg1 Ra1 40. Kg2 h6 41. Rc7 Rxb1 42. Qc2 Rb2 43. Qxb2 Qxc7 44. Qxb4 Qc2+ 45. Kg1 Qb3 46. Qd6 Qxe3+ 47. Kf1 Bc4+ 48. Kg2 Qf3+ 49. Kh2 Qf2+ 50. Kh1 Be2 51. Qe6+ Kh7 52. h5 Bf3# 0-1

[Event "SVK-chT1E 2122"]
[Site "Slovakia"]
[Date "2022.03.20"]
[Round "7.8"]
[White "Minich, Miroslav"]
[Black "Zahradnik, Vladimir"]
[Result "1/2-1/2"]
[WhiteElo "1940"]
[BlackElo "1864"]
[PlyCount "50"]
[EventDate "2022.01.29"]
[EventType "team-tourn"]
[EventRounds "11"]
[EventCountry "SVK"]
[SourceTitle "EXT 2023"]
[Source "ChessBase"]
[SourceDate "2022.10.05"]
[SourceVersion "1"]
[SourceVersionDate "2022.10.05"]
[SourceQuality "1"]
[WhiteTeam "Zvolen Slavia"]
[BlackTeam "Presov Tatran Dason"]
[WhiteTeamCountry "SVK"]
[BlackTeamCountry "SVK"]

1. d4 c6 2. c4 d5 3. Nc3 Nf6 4. Nf3 Bf5 5. e3 e6 6. a3 Be7 7. b3 0-0 8. Be2 Nbd7 9. 0-0 Qc7 10. Bb2 Rad8 11. Rc1 Rfe8 12. cxd5 exd5 13. b4 a6 14. Qb3 Qb8 15. a4 Be6 16. Ba3 b5 17. axb5 cxb5 18. Ng5 Nb6 19. Nxe6 fxe6 20. Ra1 Qb7 21. Ra2 Nc4 22. Rfa1 Rd6 23. Bc1 Rc8 24. Bd2 Rb6 25. Be1 Bd6 1/2-1/2

[Event "Drienica Saris op"]
[Site "Drienica"]
[Date "2020.08.13"]
[Round "7"]
[White "Andras, Anton"]
[Black "Zahradnik, Vladimir"]
[Result "1-0"]
[WhiteElo "1584"]
[BlackElo "1874"]
[PlyCount "83"]
[EventDate "2020.08.07"]
[EventType "swiss"]
[EventRounds "9"]
[EventCountry "SVK"]
[SourceTitle "CBM 197 Extra"]
[Source "ChessBase"]
[SourceDate "2020.09.30"]
[SourceVersion "1"]
[SourceVersionDate "2020.09.30"]
[SourceQuality "1"]

1. e4 c5 2. Nf3 a6 3. d4 cxd4 4. Nxd4 Nf6 5. Nc3 Nc6 6. Be2 e5 7. Nf5 d5 8. Nxd5 Nxd5 9. Qxd5 Bxf5 10. Qxd8+ Rxd8 11. exf5 Nb4 12. Bd1 Rc8 13. c3 Nd3+ 14. Ke2 Nc5 15. Bc2 Be7 16. Be3 Nd7 17. Rhe1 g6 18. fxg6 hxg6 19. h3 b5 20. a3 f5 21. f3 Bf6 22. Rad1 Bh4 23. Bf2 Rc6 24. Rd5 Bxf2 25. Kxf2 Ke7 26. Red1 Rd8 27. g4 Rf6 28. g5 Re6 29. h4 e4 30. f4 Rb6 31. R1d4 a5 32. Bd1 Rbb8 33. h5 Nf8 34. Rxd8 Rxd8 35. Rxd8 Kxd8 36. h6 Ke7 37. Bb3 Nh7 38. Bg8 Nf8 39. h7 Nxh7 40. Bxh7 Kf7 41. Bxg6+ Kxg6 42. b3 1-0

[Event "Drienica Saris op"]
[Site "Drienica"]
[Date "2020.08.07"]
[Round "1"]
[White "Orsag, Milan"]
[Black "Zahradnik, Vladimir"]
[Result "1/2-1/2"]
[WhiteElo "2300"]
[BlackElo "1874"]
[PlyCount "98"]
[EventDate "2020.08.07"]
[EventType "swiss"]
[EventRounds "9"]
[EventCountry "SVK"]
[SourceTitle "CBM 197 Extra"]
[Source "ChessBase"]
[SourceDate "2020.09.30"]
[SourceVersion "1"]
[SourceVersionDate "2020.09.30"]
[SourceQuality "1"]

1. d4 Nf6 2. Nf3 b6 3. g3 Bb7 4. Bg2 e6 5. c4 Bb4+ 6. Bd2 Bxd2+ 7. Nbxd2 0-0 8. Qc2 d5 9. 0-0 Na6 10. cxd5 exd5 11. Rac1 c5 12. a3 Ne4 13. dxc5 Naxc5 14. b4 Ne6 15. Ne5 Nd4 16. Qd3 Nxd2 17. Qxd2 Nb3 18. Qd3 Nxc1 19. Rxc1 Qe7 20. Nf3 Rac8 21. Rd1 Rc4 22. Nd4 Rfc8 23. Bh3 Rd8 24. e3 g6 25. Bg2 a6 26. h4 Qc7 27. Ne2 b5 28. h5 Kg7 29. Nd4 Qe5 30. Bf3 Rdc8 31. Qd2 h6 32. hxg6 fxg6 33. Kg2 Re8 34. Rh1 Bc8 35. g4 Qg5 36. Kg3 h5 37. Rh4 Bd7 38. Be2 Qe5+ 39. f4 Qxe3+ 40. Qxe3 Rxe3+ 41. Kf2 Rxa3 42. Bxc4 dxc4 43. gxh5 gxh5 44. Rxh5 a5 45. Rd5 Be8 46. bxa5 Rxa5 47. Rc5 Ra3 48. Nxb5 Bxb5 49. Rxb5 Rb3 1/2-1/2

[Event "SVK-chT2D 1920"]
[Site "Slovakia"]
[Date "2019.12.15"]
[Round "6.7"]
[White "Ondik, Jan"]
[Black "Zahradnik, Vladimir"]
[Result "0-1"]
[WhiteElo "1585"]
[BlackElo "1866"]
[PlyCount "72"]
[EventDate "2019.10.26"]
[EventType "team-tourn"]
[EventRounds "11"]
[EventCountry "SVK"]
[SourceTitle "CBM 194 Extra"]
[Source "ChessBase"]
[SourceDate "2020.03.31"]
[SourceVersion "1"]
[SourceVersionDate "2020.03.31"]
[SourceQuality "1"]
[WhiteTeam "Bardejov BSK II"]
[BlackTeam "Presov Tatran Dason"]
[WhiteTeamCountry "SVK"]
[BlackTeamCountry "SVK"]

1. d4 Nf6 2. Nf3 d6 3. g3 Nbd7 4. Bg2 e5 5. dxe5 dxe5 6. 0-0 Be7 7. e3 0-0 8. b3 c6 9. Bb2 Qc7 10. Nbd2 Ne8 11. Nc4 f6 12. Qe1 Nb6 13. Qa5 Nxc4 14. Qxc7 Nxc7 15. bxc4 Be6 16. Nd2 Bb4 17. c3 Be7 18. Rfd1 Rfd8 19. Bf1 Bg4 20. f3 Bh5 21. Kf2 Ne6 22. Nb3 b6 23. Ke2 e4 24. g4 exf3+ 25. Kxf3 Be8 26. Nd4 Ng5+ 27. Ke2 c5 28. Nb5 Bc6 29. Rxd8+ Bxd8 30. h3 a6 31. Na3 Bc7 32. h4 Nf7 33. Kf2 Rd8 34. Be2 Ne5 35. Rd1 Rxd1 36. Bxd1 Nd3+ 0-1

[Event "SVK-chT2D 1920"]
[Site "Slovakia"]
[Date "2019.12.14"]
[Round "5.7"]
[White "Nandrazi, Artur"]
[Black "Zahradnik, Vladimir"]
[Result "1/2-1/2"]
[WhiteElo "1676"]
[BlackElo "1866"]
[PlyCount "98"]
[EventDate "2019.10.26"]
[EventType "team-tourn"]
[EventRounds "11"]
[EventCountry "SVK"]
[SourceTitle "CBM 194 Extra"]
[Source "ChessBase"]
[SourceDate "2020.03.31"]
[SourceVersion "1"]
[SourceVersionDate "2020.03.31"]
[SourceQuality "1"]
[WhiteTeam "Presov Slavia PU"]
[BlackTeam "Presov Tatran Dason"]
[WhiteTeamCountry "SVK"]
[BlackTeamCountry "SVK"]

1. c4 e5 2. g3 Nc6 3. a3 a5 4. d3 Bc5 5. Bg2 Nge7 6. Nc3 d6 7. Nf3 0-0 8. Bg5 Be6 9. 0-0 f6 10. Be3 Bxe3 11. fxe3 d5 12. cxd5 Nxd5 13. Nxd5 Bxd5 14. e4 Be6 15. Qa4 Qd7 16. Kh1 Qf7 17. Qb5 Qd7 18. Rac1 Ra6 19. Qc5 Rb6 20. Rc2 Rc8 21. Rfc1 a4 22. Bf1 Ne7 23. Qe3 Rb3 24. Nd2 Rb5 25. Qf2 b6 26. e3 Ra5 27. d4 c5 28. d5 Bf7 29. Nc4 Rb5 30. Nd6 Ra5 31. Nxc8 Nxc8 32. Bd3 Nd6 33. Qf3 Bg6 34. Kg1 Ra8 35. Rf2 Rc8 36. g4 c4 37. Bb1 h6 38. h4 Nf7 39. Kh2 b5 40. Rg2 Qd6 41. Rc3 Qe7 42. Kg3 Nd6 43. Rf2 Rf8 44. Qg2 Be8 45. Qh1 Bd7 46. Rh2 Qe8 47. h5 Qc8 48. Rh4 Qc5 49. Qe1 Rb8 1/2-1/2

[Event "SVK-ch op"]
[Site "Ruzomberok"]
[Date "2019.07.03"]
[Round "5"]
[White "Zahradnik, Vladimir"]
[Black "Mrvova, Alena"]
[Result "1/2-1/2"]
[WhiteElo "1862"]
[BlackElo "2153"]
[PlyCount "57"]
[EventDate "2019.06.29"]
[EventType "swiss"]
[EventRounds "9"]
[EventCountry "SVK"]
[SourceTitle "CBM 191 Extra"]
[Source "ChessBase"]
[SourceDate "2019.09.30"]
[SourceVersion "1"]
[SourceVersionDate "2019.09.30"]
[SourceQuality "1"]

1. d4 Nf6 2. Nf3 g6 3. c4 Bg7 4. Nc3 d5 5. cxd5 Nxd5 6. Qa4+ c6 7. e4 Nb6 8. Qd1 Bg4 9. Be3 0-0 10. h3 Bxf3 11. gxf3 N8d7 12. f4 e6 13. h4 h5 14. Qd2 Nf6 15. f3 Qe7 16. a3 Nbd7 17. Kf2 Rfd8 18. Bd3 Ne8 19. e5 Nc7 20. Rag1 c5 21. Ne4 cxd4 22. Bxd4 Ne8 23. Qe3 b6 24. Rc1 Rac8 25. Kg3 Bh6 26. Rxc8 Rxc8 27. Rc1 Rxc1 28. Qxc1 Nf8 29. Qc3 1/2-1/2

[Event "SVK-chT2D 1718"]
[Site "Slovakia"]
[Date "2017.11.26"]
[Round "4.6"]
[White "Barilla, Tomas"]
[Black "Zahradnik, Vladimir"]
[Result "0-1"]
[WhiteElo "1924"]
[BlackElo "1896"]
[PlyCount "54"]
[EventDate "2017.10.28"]
[EventType "team-tourn"]
[EventRounds "11"]
[EventCountry "SVK"]
[SourceTitle "EXT 2019"]
[Source "ChessBase"]
[SourceDate "2018.10.10"]
[SourceVersion "1"]
[SourceVersionDate "2018.10.10"]
[SourceQuality "1"]
[WhiteTeam "Poprad LS VD"]
[BlackTeam "Presov Tatran II"]
[WhiteTeamCountry "SVK"]
[BlackTeamCountry "SVK"]

1. e4 c5 2. Nf3 Nf6 3. d3 Nc6 4. Be2 d6 5. 0-0 h6 6. Nc3 g6 7. b3 Bg7 8. Bb2 e6 9. Qc1 0-0 10. Nd1 Kh7 11. Ne3 d5 12. exd5 exd5 13. d4 cxd4 14. Nxd4 Ne4 15. Nxc6 bxc6 16. Bxg7 Kxg7 17. Qb2+ Kh7 18. Rad1 Qb6 19. c4 Nxf2 20. Rxf2 Qxe3 21. cxd5 cxd5 22. Rxd5 Be6 23. Rd1 Rad8 24. Kf1 Rxd1+ 25. Bxd1 Rd8 26. Bf3 Bf5 27. g3 Bh3+ 0-1

[Event "SVK-chT2D 1718"]
[Site "Slovakia"]
[Date "2017.11.25"]
[Round "3.6"]
[White "Zahradnik, Vladimir"]
[Black "Svana, Kamil"]
[Result "0-1"]
[WhiteElo "1896"]
[BlackElo "2020"]
[PlyCount "76"]
[EventDate "2017.10.28"]
[EventType "team-tourn"]
[EventRounds "11"]
[EventCountry "SVK"]
[SourceTitle "EXT 2019"]
[Source "ChessBase"]
[SourceDate "2018.10.10"]
[SourceVersion "1"]
[SourceVersionDate "2018.10.10"]
[SourceQuality "1"]
[WhiteTeam "Presov Tatran II"]
[BlackTeam "Spisska Nova Ves"]
[WhiteTeamCountry "SVK"]
[BlackTeamCountry "SVK"]

1. c4 Nf6 2. Nc3 g6 3. e4 d6 4. d4 Bg7 5. Nf3 0-0 6. Be2 Nbd7 7. 0-0 e5 8. Bg5 h6 9. Be3 Ng4 10. Bc1 f5 11. h3 Ngf6 12. exf5 gxf5 13. dxe5 dxe5 14. Qc2 e4 15. Nd4 Ne5 16. Rd1 Qe7 17. Be3 c6 18. a3 Qf7 19. b3 Nh5 20. f4 exf3 21. Nxf3 f4 22. Nxe5 Bxe5 23. Bd4 Bf5 24. Bxh5 Bxd4+ 25. Rxd4 Bxc2 26. Bxf7+ Rxf7 27. b4 Re8 28. Rc1 Bg6 29. Kf2 Re3 30. c5 Bh5 31. a4 Rg3 32. Ne4 Ra3 33. Nc3 Rb3 34. b5 Rb2+ 35. Kf1 Rg7 36. g4 fxg3 37. Rh4 Rh2 38. Kg1 Bf3 0-1

[Event "EU Amateur-ch"]
[Site "Ruzomberok"]
[Date "2016.06.07"]
[Round "3"]
[White "Kosar, Mikulas"]
[Black "Zahradnik, Vladimir"]
[Result "0-1"]
[WhiteElo "1837"]
[BlackElo "1920"]
[PlyCount "96"]
[EventDate "2016.06.06"]
[EventType "swiss"]
[EventRounds "9"]
[EventCountry "SVK"]
[SourceTitle "CBM 172 Extra"]
[Source "ChessBase"]
[SourceDate "2016.06.21"]
[SourceVersion "1"]
[SourceVersionDate "2016.06.21"]
[SourceQuality "1"]

1. d4 c5 2. Nf3 cxd4 3. Nxd4 Nf6 4. Nc3 e5 5. Nf3 e4 6. Nd4 a6 7. Bf4 d5 8. e3 Bb4 9. Nde2 0-0 10. a3 Be7 11. Nd4 Nc6 12. Be2 h6 13. h3 Bd6 14. Bxd6 Qxd6 15. Qd2 Rd8 16. 0-0-0 b5 17. f4 b4 18. axb4 Nxb4 19. g4 Bb7 20. g5 hxg5 21. fxg5 Nd7 22. Rdg1 Ne5 23. Nf5 Qc7 24. Qd4 a5 25. h4 Bc8 26. Nxg7 Kxg7 27. h5 Bf5 28. h6+ Kh7 29. Bh5 Bg6 30. Bg4 Ra6 31. Rh2 Rc6 32. Rf2 Rc4 33. Qd2 Rxc3 34. bxc3 Na2+ 35. Kd1 Nxc3+ 36. Ke1 Rb8 37. Rf4 Rb4 38. Kf2 Qc5 39. Kg3 Nxg4 40. Kxg4 d4 41. Rgf1 Nd5 42. Rxf7+ Bxf7 43. Rxf7+ Kh8 44. g6 Nxe3+ 45. Kh4 Nf5+ 46. Kh3 Qc8 47. Qg5 Qc3+ 48. Kg4 Qf3# 0-1

[Event "SVK-chT2D 1516"]
[Site "Slovakia"]
[Date "2016.03.12"]
[Round "10.7"]
[White "Zahradnik, Vladimir"]
[Black "Krajnik, Richard"]
[Result "0-1"]
[WhiteElo "1958"]
[BlackElo "1711"]
[PlyCount "95"]
[EventDate "2015.10.17"]
[EventType "team-tourn"]
[EventRounds "11"]
[EventCountry "SVK"]
[SourceTitle "EXT 2017"]
[Source "ChessBase"]
[SourceDate "2016.10.25"]
[SourceVersion "1"]
[SourceVersionDate "2016.10.25"]
[SourceQuality "1"]
[WhiteTeam "Presov Tatran Dason"]
[BlackTeam "Kosice Slavia UPJS III"]
[WhiteTeamCountry "SVK"]
[BlackTeamCountry "SVK"]

1. c4 e6 2. Nc3 a6 3. e4 c5 4. Nf3 Qc7 5. d4 cxd4 6. Nxd4 Nc6 7. Be3 Nf6 8. Bd3 Be7 9. Nxc6 bxc6 10. 0-0 0-0 11. f4 d6 12. g4 d5 13. e5 Nd7 14. cxd5 cxd5 15. Rc1 Qa5 16. Na4 Bb7 17. Bd4 Rac8 18. b3 Rxc1 19. Qxc1 Rc8 20. Qe3 Qb4 21. f5 Bg5 22. Qf2 Qd2 23. Qxd2 Bxd2 24. fxe6 fxe6 25. Rf2 Rc1+ 26. Kg2 Bg5 27. Nc3 Rxc3 28. Bxc3 d4+ 29. Kg3 dxc3 30. Re2 Nc5 31. Bc2 a5 32. h4 Bd2 33. a3 Ba6 34. Rg2 Bd3 35. Bd1 Nd7 36. b4 axb4 37. axb4 Nxe5 38. Ba4 Be1+ 39. Kf4 Nc4 40. h5 e5+ 41. Kf3 e4+ 42. Kf4 Bd2+ 43. Kg3 e3 44. Bd1 Be1+ 45. Kf3 Bf2 46. Rxf2 exf2 47. Kxf2 Kf8 48. b5 0-1

[Event "SVK-chT2D 1516"]
[Site "Slovakia"]
[Date "2015.12.05"]
[Round "5.8"]
[White "Nandrazi, Artur"]
[Black "Zahradnik, Vladimir"]
[Result "1/2-1/2"]
[WhiteElo "1841"]
[BlackElo "1958"]
[PlyCount "50"]
[EventDate "2015.10.17"]
[EventType "team-tourn"]
[EventRounds "11"]
[EventCountry "SVK"]
[SourceTitle "CBM 170 Extra"]
[Source "ChessBase"]
[SourceDate "2016.02.25"]
[SourceVersion "1"]
[SourceVersionDate "2016.02.25"]
[SourceQuality "1"]
[WhiteTeam "Presov Slavia"]
[BlackTeam "Presov Tatran Dason"]
[WhiteTeamCountry "SVK"]
[BlackTeamCountry "SVK"]

1. Nf3 d5 2. d4 Nf6 3. Bf4 e6 4. e3 c5 5. c3 Nc6 6. Bd3 h6 7. Nbd2 Nh5 8. Bg3 Nxg3 9. hxg3 Be7 10. Qe2 f5 11. Nh4 0-0 12. Ng6 Rf6 13. Nxe7+ Qxe7 14. f4 c4 15. Bc2 b5 16. Nf3 Bd7 17. a3 a5 18. Kf2 Rb8 19. b4 axb4 20. axb4 Rff8 21. Ra6 Ra8 22. Rha1 Rxa6 23. Rxa6 Rb8 24. Qe1 Qe8 25. Qa1 Bc8 1/2-1/2

[Event "SVK-chT2D 14/15"]
[Site "Slovakia"]
[Date "2015.02.15"]
[Round "9.5"]
[White "Zahradnik, Vladimir"]
[Black "Fedorko, Martin"]
[Result "0-1"]
[WhiteElo "1973"]
[BlackElo "1982"]
[PlyCount "86"]
[EventDate "2014.10.11"]
[EventType "team-tourn"]
[EventRounds "11"]
[EventCountry "SVK"]
[SourceTitle "EXT 2019"]
[Source "ChessBase"]
[SourceDate "2018.10.10"]
[SourceVersion "1"]
[SourceVersionDate "2018.10.10"]
[SourceQuality "1"]
[WhiteTeam "Presov Tatran Dason"]
[BlackTeam "Kosice Slavia TU IV"]
[WhiteTeamCountry "SVK"]
[BlackTeamCountry "SVK"]

1. c4 c6 2. Nc3 Nf6 3. e4 d5 4. cxd5 cxd5 5. e5 d4 6. exf6 dxc3 7. fxg7 cxd2+ 8. Bxd2 Bxg7 9. Bc4 e6 10. Rb1 Nc6 11. Nf3 a6 12. a4 Ne5 13. Nxe5 Bxe5 14. Qe2 Qf6 15. Bb4 Bd7 16. a5 Bc6 17. f3 Rd8 18. Bd3 Qh4+ 19. Kf1 Rxd3 20. Qxe5 Rxf3+ 21. gxf3 Bb5+ 22. Qxb5+ axb5 23. Bc3 Rg8 24. Re1 b4 25. Be5 Qc4+ 26. Kf2 Qc2+ 27. Ke3 Rg2 28. Bd4 Qd2+ 29. Ke4 Rxh2 30. Rxh2 Qxh2 31. Kd3 Qh5 32. Re3 Qxa5 33. Re5 Qa6+ 34. Ke3 f6 35. Re4 e5 36. f4 Qf1 37. fxe5 f5 38. Rf4 Qc1+ 39. Kf3 Qh1+ 40. Ke3 Qh3+ 41. Rf3 Qg4 42. Rf4 Qg3+ 43. Rf3 Qe1+ 0-1

[Event "SVK-chT2D 14/15"]
[Site "Slovakia"]
[Date "2014.12.06"]
[Round "5.6"]
[White "Zahradnik, Vladimir"]
[Black "Sabol, Jan"]
[Result "1-0"]
[WhiteElo "1973"]
[BlackElo "1888"]
[PlyCount "77"]
[EventDate "2014.10.11"]
[EventType "team-tourn"]
[EventRounds "11"]
[EventCountry "SVK"]
[SourceTitle "EXT 2019"]
[Source "ChessBase"]
[SourceDate "2018.10.10"]
[SourceVersion "1"]
[SourceVersionDate "2018.10.10"]
[SourceQuality "1"]
[WhiteTeam "Presov Tatran Dason"]
[BlackTeam "Presov Slavia PU"]
[WhiteTeamCountry "SVK"]
[BlackTeamCountry "SVK"]

1. c4 Nf6 2. Nc3 e6 3. e4 d6 4. d4 Nbd7 5. Be3 Be7 6. Bd3 e5 7. h3 c6 8. Nge2 Qc7 9. Rc1 a5 10. b3 0-0 11. 0-0 Re8 12. f4 h6 13. fxe5 dxe5 14. d5 Bc5 15. Bxc5 Nxc5 16. Bc2 Rd8 17. Ng3 b5 18. Qe2 bxc4 19. bxc4 cxd5 20. exd5 Bd7 21. Nf5 Bxf5 22. Rxf5 Re8 23. Nb5 Qb6 24. Kh2 e4 25. d6 Rad8 26. Qe3 Nfd7 27. Qd4 g6 28. Rd5 f6 29. Rf1 Kg7 30. g4 e3 31. g5 e2 32. gxf6+ Kf8 33. Re1 Re6 34. Qh4 h5 35. Bxg6 Nxf6 36. Qf4 Kg7 37. Rg5 Kh8 38. Rxh5+ Kg7 39. Qh6+ 1-0

[Event "SVK-chT2D 1314"]
[Site "Slovakia"]
[Date "2013.11.24"]
[Round "4.7"]
[White "Zahradnik, Vladimir"]
[Black "Turzak, Milan1111"]
[Result "0-1"]
[WhiteElo "1982"]
[BlackElo "1867"]
[PlyCount "62"]
[EventDate "2013.10.19"]
[EventType "team-tourn"]
[EventRounds "11"]
[EventCountry "SVK"]
[SourceTitle "EXT 2015"]
[Source "ChessBase"]
[SourceDate "2014.11.20"]
[SourceVersion "1"]
[SourceVersionDate "2014.11.20"]
[SourceQuality "1"]
[WhiteTeam "Presov Tatran Dason"]
[BlackTeam "Gelnica Slovan"]
[WhiteTeamCountry "SVK"]
[BlackTeamCountry "SVK"]

1. c4 Nf6 2. Nc3 e5 3. g3 c6 4. d4 exd4 5. Qxd4 Na6 6. Bg5 Be7 7. Bg2 h6 8. Bf4 0-0 9. Bd6 Re8 10. 0-0-0 Bxd6 11. Qxd6 Qb6 12. e3 Nc5 13. Qf4 a5 14. Rd6 Ne6 15. Qf5 Qb4 16. Qd3 Ng4 17. a3 Nc5 18. Qd1 Qxc4 19. Rd4 Nb3+ 20. Kb1 Nxd4 21. Qxg4 Qd3+ 22. Ka2 Nb5 23. Nge2 d6 24. Qh5 Be6+ 25. Ka1 Nxc3 26. Nxc3 Qc2 27. g4 d5 28. g5 hxg5 29. Qxg5 Qxf2 30. Rf1 Qc2 31. Qh5 Qxg2 0-1

[Event "SVK-chT2D 1213"]
[Site "Slovakia"]
[Date "2012.12.01"]
[Round "3.6"]
[White "Zahradnik, Vladimir"]
[Black "Lohyna, Miroslav"]
[Result "1-0"]
[WhiteElo "1989"]
[BlackElo "1860"]
[PlyCount "37"]
[EventDate "2012.10.13"]
[EventType "team-tourn"]
[EventRounds "11"]
[EventCountry "SVK"]
[SourceTitle "EXT 2015"]
[Source "ChessBase"]
[SourceDate "2014.11.20"]
[SourceVersion "1"]
[SourceVersionDate "2014.11.20"]
[SourceQuality "1"]
[WhiteTeam "Presov Tatran Dason"]
[BlackTeam "Kosice Slavia UPJS III"]
[WhiteTeamCountry "SVK"]
[BlackTeamCountry "SVK"]

1. c4 e6 2. Nc3 Nf6 3. e4 d5 4. cxd5 exd5 5. e5 Nfd7 6. d4 c6 7. Bd3 Be7 8. Qh5 Nf8 9. f4 g6 10. Qf3 Ne6 11. Nge2 Ng7 12. 0-0 0-0 13. g4 h5 14. h3 h4 15. f5 gxf5 16. gxf5 Bg5 17. f6 Ne6 18. Qh5 Bxc1 19. Qh7# 1-0

[Event "SVK-chT2D 1112"]
[Site "Slovakia"]
[Date "2012.02.26"]
[Round "11.3"]
[White "Zahradnik, Vladimir"]
[Black "Borovsky, Adam"]
[Result "1/2-1/2"]
[WhiteElo "2001"]
[BlackElo "1961"]
[PlyCount "40"]
[EventDate "2011.10.08"]
[EventType "team-tourn"]
[EventRounds "11"]
[EventCountry "SVK"]
[SourceTitle "EXT 2013"]
[Source "ChessBase"]
[SourceDate "2012.11.22"]
[SourceVersion "1"]
[SourceVersionDate "2012.11.22"]
[SourceQuality "1"]
[WhiteTeam "Presov Tatran Dason"]
[BlackTeam "Kosice Slavia UPJS III"]
[WhiteTeamCountry "SVK"]
[BlackTeamCountry "SVK"]

1. c4 e5 2. Nc3 Nf6 3. g3 d5 4. cxd5 Nxd5 5. Bg2 Nxc3 6. bxc3 Bc5 7. d3 0-0 8. Qb3 c6 9. Nf3 Nd7 10. 0-0 Qb6 11. Qa4 Re8 12. Nd2 Qc7 13. Ba3 Nb6 14. Qa5 Bxa3 15. Qxa3 Bg4 16. Rfe1 Qe7 17. Qxe7 Rxe7 18. a4 Nd5 19. Ra3 Rd8 20. h3 Bc8 1/2-1/2

[Event "SVK-chT2D 1112"]
[Site "Slovakia"]
[Date "2011.11.05"]
[Round "3.2"]
[White "Zahradnik, Vladimir"]
[Black "Cisko, Matej"]
[Result "1-0"]
[WhiteElo "2001"]
[BlackElo "2000"]
[PlyCount "99"]
[EventDate "2011.10.08"]
[EventType "team-tourn"]
[EventRounds "11"]
[EventCountry "SVK"]
[SourceTitle "EXT 2013"]
[Source "ChessBase"]
[SourceDate "2012.11.22"]
[SourceVersion "1"]
[SourceVersionDate "2012.11.22"]
[SourceQuality "1"]
[WhiteTeam "Presov Tatran Dason"]
[BlackTeam "Kezmarok KdV II"]
[WhiteTeamCountry "SVK"]
[BlackTeamCountry "SVK"]

1. c4 e5 2. Nc3 Nf6 3. g3 c6 4. d4 exd4 5. Qxd4 d5 6. cxd5 Nxd5 7. Nxd5 Qxd5 8. Qxd5 cxd5 9. e3 Bb4+ 10. Bd2 Bxd2+ 11. Kxd2 0-0 12. Ne2 Nc6 13. Bg2 Rd8 14. Rhd1 Bf5 15. Ke1 Nb4 16. Nd4 Nd3+ 17. Ke2 Nxb2 18. Nxf5 Nxd1 19. Rxd1 Kf8 20. Bxd5 Rac8 21. e4 b6 22. Nd4 Rc7 23. Rd2 a6 24. a4 g6 25. f4 Rc1 26. Rb2 Rd6 27. Nb3 Rh1 28. Kd3 Rd1+ 29. Rd2 Rxd2+ 30. Nxd2 b5 31. axb5 axb5 32. Kd4 Rb6 33. Kc5 Rb8 34. e5 Ke7 35. Kb4 Rd8 36. Kc5 Rb8 37. Ne4 Rc8+ 38. Kxb5 h5 39. h4 Rc1 40. Bc4 Re1 41. Nd6 f6 42. Nc8+ Kd8 43. exf6 Ke8 44. Nb6 Rd1 45. Kc6 Rd8 46. Kc7 Rd4 47. Bd5 Rxd5 48. Nxd5 Kf7 49. Kd6 Kf8 50. Ke6 1-0